Cessioni più costose - Milan - Statistics

Statistiche generali
  • Questo quiz è stato fatto 112 volte
  • Il punteggio medio è 12 su 20
Statistiche sulle risposte
Costo (M €) A Nazione Anno Calciatore % Corretto
67 Real Madrid Brasile 2009 Kaká
99%
43,88 Chelsea Ucraina 2006 Andrij Ševčenko
98%
24 Hertha Berlino Polonia 2020 Krzysztof Piątek
98%
21 Paris Saint-Germain Svezia 2012 Zlatan Ibrahimović
97%
42 Paris Saint-Germain Brasile 2012 Thiago Silva
96%
35 Juventus Italia 2018 Leonardo Bonucci
90%
23,44 Olympique Lione Brasile 2020 Lucas Paquetá
86%
21 Siviglia Spagna 2020 Suso
84%
20 Liverpool Italia 2014 Mario Balotelli
74%
18 Wolverhampton Italia 2019 Patrick Cutrone
68%
14 Sassuolo Italia 2019 Manuel Locatelli
67%
15 Corinthians Brasile 2013 Alexandre Pato
55%
14 Schalke 04 Paesi Bassi 2010 Klaas-Jan Huntelaar
53%
14,50 Atletico Madrid Croazia 2018 Nikola Kalinić
40%
13 Roma Italia 2016 Stephan El Shaarway
35%
22,50 Inter Italia 2002 Francesco Coco
29%
14 Fiorentina Italia 2008 Alberto Gilardino
28%
13,50 Bordeaux Francia 2009 Yoann Gourcuff
26%
15,50 Juventus Italia 2001 Cristian Zenoni
7%
13 Atletico Madrid Spagna 2008 Javi Moreno
3%
Nessun quiz corrispondente trovato
Distribuzione punteggi
Percentuale di utenti per punteggio
Percentile per numero di risposta
I tuoi punteggi nel tempo
Non hai fatto questo quiz